Simple German Words #2 - Statistics

General Stats
  • This quiz has been taken 583 times
  • The average score is 15 of 20
Answer Stats
German English % Correct
du you
96%
der {the} (m)
94%
Frau Mrs/Miss
90%
ein a
89%
wir we
89%
es it
87%
was what
86%
wo where
85%
sind are
84%
bitte please
84%
Zeit time
81%
heute today
75%
Gott God
68%
nur only
62%
einfach easy
60%
wirklich real
60%
viel much
53%
kein not
52%
denn because
31%
als than
26%
No matching quizzes found
Score Distribution
Percent of People with Each Score
Percentile by Number Answered
Your Score History
You have not taken this quiz